| 000 | 00627nam a2200181Ia 4500 | ||
|---|---|---|---|
| 003 | GCL | ||
| 008 | 140319s9999 xx 000 0 ara d | ||
| 040 |
_aGCL / _cGCL |
||
| 082 | 0 | 4 |
_a808.3 _bم خ |
| 100 | 1 | _aمجدى محمد حسين | |
| 245 | 1 | 0 |
_aخصائص التركيب فى روايات الحكيم / _cمجدى محمد حسين |
| 260 |
_aالقاهرة : _bالحضرى للطباعة ، _c2002 |
||
| 300 |
_a138 ص ؛ _c22 سم |
||
| 650 | 0 | 4 | _aالقصة العربية |
| 650 | 0 | 4 | _aالقصة العربية - تاريخ ونقد |
| 650 | 0 | 4 | _aالادب العربى - تاريخ ونقد |
| 942 |
_2ddc _cBK |
||
| 999 |
_c5822 _d5822 |
||